JURANS QUALITY PLANNING & ANALYSIS FOR ENTERPRISE QUALITY (Record no. 817784)

MARC details
000 -LEADER
fixed length control field 00442pam a2200169a 44500
008 - FIXED-LENGTH DATA ELEMENTS--GENERAL INFORMATION
fixed length control field 230405s2015 xxu||||| |||| 00| 0 eng d
041 ## - LANGUAGE CODE
Language code of text/sound track or separate title ENG
100 ## - MAIN ENTRY--PERSONAL NAME
Personal name GRYNA FRANK.M
245 ## - TITLE STATEMENT
Title JURANS QUALITY PLANNING & ANALYSIS FOR ENTERPRISE QUALITY
260 ## - PUBLICATION, DISTRIBUTION, ETC.
Place of publication, distribution, etc. NEW DELHI
Name of publisher, distributor, etc. MC GRAW HILL EDUCATION
Date of publication, distribution, etc. 2015
300 ## - PHYSICAL DESCRIPTION
Extent P.B,XXVI,774
650 ## - SUBJECT ADDED ENTRY--TOPICAL TERM
Topical term or geographic name entry element MECH
690 ## - LOCAL SUBJECT ADDED ENTRY--TOPICAL TERM (OCLC, RLIN)
Topical term or geographic name as entry element MECH
700 ## - ADDED ENTRY--PERSONAL NAME
Personal name DEFEO JOSEPH.A
700 ## - ADDED ENTRY--PERSONAL NAME
Personal name CHUA RICHARD
906 ## - LOCAL DATA ELEMENT F, LDF (RLIN)
a 3589
Holdings
Withdrawn status Lost status Damaged status Not for loan Collection Home library Current library Date acquired Source of acquisition Cost, normal purchase price Total Checkouts Full call number Barcode Date last seen Price effective from Koha item type
          College of Engineering, Kolhapur College of Engineering, Kolhapur 03/09/2015 BHARATI MADHYAVARTI SAHAKARI GRAHAK BHANDAR LTD.PUNE 875.00   658.562/GRY ECK-UG-16100 16/08/2023 16/08/2023 Book
          College of Engineering, Kolhapur College of Engineering, Kolhapur 03/09/2015 BHARATI MADHYAVARTI SAHAKARI GRAHAK BHANDAR LTD.PUNE 875.00   658.562/GRY ECK-UG-16099 16/08/2023 16/08/2023 Book
          College of Engineering, Kolhapur College of Engineering, Kolhapur 03/09/2015 BHARATI MADHYAVARTI SAHAKARI GRAHAK BHANDAR LTD.PUNE 875.00   658.562/GRY ECK-UG-16098 16/08/2023 16/08/2023 Book
          College of Engineering, Kolhapur College of Engineering, Kolhapur 03/09/2015 BHARATI MADHYAVARTI SAHAKARI GRAHAK BHANDAR LTD.PUNE 875.00   658.562/GRY ECK-UG-16097 16/08/2023 16/08/2023 Book
          College of Engineering, Kolhapur College of Engineering, Kolhapur 03/09/2015 BHARATI MADHYAVARTI SAHAKARI GRAHAK BHANDAR LTD.PUNE 875.00   658.562/GRY ECK-UG-16096 16/08/2023 16/08/2023 Book